| 000 | 00682nam a22002172 4500 | ||
|---|---|---|---|
| 001 | 0000023696 | ||
| 005 | 20151217145943.0 | ||
| 008 | 130318s xx 000 0 eng d | ||
| 020 | _a0826493408 : | ||
| 040 |
_aKABU _cKABU |
||
| 245 | 1 | 0 |
_aReflective teaching : _bevidence-informed professional practice / _cAndrew Pollard... [et al] |
| 250 | _a3rd ed. | ||
| 260 |
_aLondon : _bContinuum, _c2008. |
||
| 300 | _axvi, 590 p. | ||
| 650 | 0 |
_aElementary school teaching. _@0000183349 |
|
| 650 | 0 |
_aTeachers _xself-rating. _@0000183350 |
|
| 700 | 1 |
_aPollard, Andrew. _@0000183351 |
|
| 852 | 1 | _9p3000 KES | |
| 908 | _a130318 | ||
| 950 | _@1 | ||
| 999 |
_c4414 _d4414 |
||